00320nam a22001337a 4500003000500000005001700005008004100022040000900063082000800072100001600080245006200096260002000158300000800178NUST20170925122958.0170925b xxu||||| |||| 00| 0 eng d cNUST a330 aImran,Sarah aThe interplay of consumer behavior and personality traits aIslamabadc2013 a51p